• 首页
  • 本馆介绍
  • 公告通知
  • 最新文献
  • 馆藏检索
  • 电子资源
  • 读者导购
  • 参考咨询
  • 我的图书馆
  • 登录
  • 详细信息显示
  • 放入我的书架
  • 预约/预借图书
  • 作者相关作品
  • 分类相关作品
  • 丛书相关作品
  • 出版社相关作品

书目信息

  • 表格格式
  • 工作单格式
  • 卡片格式
题名:
戏曲舞台设计
    
 
作者: 赵英勉 主编
分册:  
出版信息: 北京   文化艺术出版社  2000
页数: 291页
开本: 21cm
丛书名: 中国艺术教育大系
单 册:
中图分类: J813
科图分类:
主题词: CT--S080734--戏曲 , CT--S079838--舞台美术 , 戏曲--舞台美术--设计--高等教育--教材
电子资源:
ISBN: 7-5039-1967-1
000 00994oam2 2200301 45
001 012002054894
005 20061112154207.53
010    @a7-5039-1967-1@dCNY25.00
100    @a20020709d2000 em y0chiy0110 ea
101 0  @achi
102    @aCN@b110000
105    @aa z 000yy
200 1  @a戏曲舞台设计@9xi qu wu tai she ji@f赵英勉主编
210    @a北京@c文化艺术出版社@d2000
215    @a291页@c照片@d21cm
225 2  @a中国艺术教育大系@i戏曲卷
300    @a高等艺术教育“九五”部级教材
330    @a本书共四章,即:舞台设计造型基础、戏曲舞台设计、戏曲舞美的中外纵横比较、当代戏曲舞台设计观念的更新。
461    @a中国艺术教育大系
462  0 @12001 @a中国艺术教育大系@i戏曲卷
510 1  @aChinese Traditional Opera Stage Design@zeng
606 0  @2CT@3S080734@a戏曲
606 0  @2CT@3S079838@a舞台美术
606 0  @a戏曲@x舞台美术@x设计@x高等教育@j教材
690    @aJ813@v4
701  0 @a赵英勉@9zhao ying mian@4主编
801  0 @aCN@bNLC@c20061112
905    @a10447@dJ813@e56
    
    戏曲舞台设计/赵英勉主编.-北京:文化艺术出版社,2000
    291页:照片;21cm.-(中国艺术教育大系.戏曲卷)
    高等艺术教育“九五”部级教材
    
    ISBN 7-5039-1967-1:CNY25.00
    本书共四章,即:舞台设计造型基础、戏曲舞台设计、戏曲舞美的中外纵横比较、当代戏曲舞台设计观念的更新。
●
相关链接 在E读中查询图书 在五车中查询图书 在当当中查询图书 在豆瓣中查询图书


正题名:戏曲舞台设计     索取号:J813/56         预约/预借

序号 登录号 条形码 馆藏地/架位号 状态 备注
1 0384364   203843644   第一样本阅览室/ [索取号:J813/56] 在馆    
2 0384365   203843653   第一借阅区/ [索取号:J813/56] 在馆    
3 0384366   203843662   第一借阅区/ [索取号:J813/56] 在馆    
4 0384367   203843671   第一借阅区/ [索取号:J813/56] 在馆    
5 0384368   203843680   第一借阅区/ [索取号:J813/56] 在馆    
唐山师范学院图书馆 欢迎您!
大连网信软件有限公司© 版权所有